[Event "FICGS rapid A 000099 email"]
[Site "FICGS email"]
[Date "2011.01.20"]
[Round "1"]
[White "Campanella, Paul"]
[Black "Cade, Stephen"]
[Result "1-0"]
[WhiteElo "2036"]
[BlackElo "2090"]
[PlyCount "127"]
[EventDate "2011.??.??"]
[EventType "tourn (rapid)"]
[EventRounds "6"]
[SourceTitle "Corr 2022"]
[Source "ChessBase"]
[SourceDate "2021.10.24"]
[SourceVersion "1"]
[SourceVersionDate "2021.10.24"]
[SourceQuality "1"]

1. e4 c5 2. Nf3 d6 3. d4 cxd4 4. Nxd4 Nf6 5. Nc3 a6 6. f3 e5 7. Nb3 Be6 8. Be3 h5 9. Nd5 Bxd5 10. exd5 Nbd7 11. Rc1 g6 12. Qd2 Bg7 13. Be2 e4 14. 0-0 exf3 15. gxf3 0-0 16. c4 Re8 17. Rfe1 Nh7 18. Rc2 Rc8 19. Kg2 Bf6 20. Bf1 Bh4 21. Rd1 Bg5 22. Bxg5 Nxg5 23. Qf4 Re5 24. Nd4 Qb6 25. Qd2 Rce8 26. b4 Nh7 27. Kh1 Nhf6 28. Bh3 Kh7 29. Rg1 Rg8 30. f4 Ree8 31. Bxd7 Nxd7 32. Nf3 f6 33. Nd4 Re4 34. Ne6 Kh6 35. Rgc1 Qe3 36. Qxe3 Rxe3 37. c5 Nf8 38. Nd8 dxc5 39. bxc5 Re7 40. d6 Rd7 41. Nxb7 Rxb7 42. c6 Rb8 43. Re1 g5 44. f5 Nd7 45. cxd7 g4 46. h4 gxh3 47. Rc3 Rgd8 48. Rg3 Rxd7 49. Rg6+ Kh7 50. Rxf6 Kg7 51. Rg6+ Kf8 52. Rh6 Kg7 53. Ree6 Rf8 54. Rhg6+ Kf7 55. Kh2 Rh8 56. Kxh3 Rb7 57. Re5 Rh7 58. Rge6 Rg7 59. Re7+ Kf6 60. Rxg7 Rxg7 61. Rd5 Rd7 62. Kh4 Kf7 63. Kxh5 Kf6 64. Kg4 1-0

[Event "FICGS rapid A 000086 email"]
[Site "FICGS email"]
[Date "2010.07.28"]
[Round "1"]
[White "Campanella, Paul"]
[Black "Bernal Varela, Nelson"]
[Result "1/2-1/2"]
[WhiteElo "2000"]
[BlackElo "2038"]
[PlyCount "145"]
[EventDate "2010.??.??"]
[EventType "tourn (rapid)"]
[EventRounds "6"]
[SourceTitle "Corr 2013"]
[Source "ChessBase"]
[SourceDate "2012.11.12"]
[SourceVersion "1"]
[SourceVersionDate "2012.11.12"]
[SourceQuality "1"]

1. d4 Nf6 2. Nf3 c5 3. e3 d5 4. c4 e6 5. Nc3 a6 6. a3 dxc4 7. Bxc4 b5 8. Ba2 Bb7 9. 0-0 Nbd7 10. Re1 Bd6 11. e4 cxd4 12. Nxd4 Qb8 13. h3 0-0 14. f3 Rd8 15. Be3 Ne5 16. Qc2 Nc4 17. Bxc4 bxc4 18. Rad1 Qc7 19. Rd2 Nd7 20. Red1 Be7 21. Na4 Ne5 22. Kh1 Rac8 23. Bf4 g5 24. Bh2 Qa5 25. Qc3 Qxa4 26. Bxe5 f6 27. Bg3 Kf7 28. Kh2 h6 29. Qe3 Qe8 30. h4 a5 31. Qc3 Qa4 32. f4 Bxe4 33. Re1 gxf4 34. Bxf4 f5 35. Rxe4 fxe4 36. Qe3 Bf6 37. Rf2 Bxd4 38. Be5+ Ke7 39. Bxd4 Qc6 40. Bf6+ Kd7 41. Bxd8 Rxd8 42. a4 h5 43. Rf7+ Ke8 44. Rf4 Rd3 45. Qxe4 Qxe4 46. Rxe4 Rb3 47. Rxc4 Rxb2 48. Rc5 Rb4 49. Rxh5 Rxa4 50. Kh3 Ra3+ 51. Kg4 Kf7 52. Rc5 a4 53. Rc4 e5 54. g3 Ke6 55. h5 Kf6 56. Rc6+ Kf7 57. Rc7+ Kg8 58. Rc4 Kf7 59. Kh4 Ra1 60. Kg5 a3 61. Rc7+ Ke6 62. Rc2 Kf7 63. h6 Rb1 64. Rc7+ Kg8 65. Rg7+ Kh8 66. Ra7 e4 67. Rxa3 Rb5+ 68. Kf4 Rb6 69. g4 Rxh6 70. Ra8+ Kg7 71. Ra7+ Kg6 72. Ra6+ Kh7 73. Rxh6+ 1/2-1/2

[Event "FICGS rapid A 000086 email"]
[Site "FICGS email"]
[Date "2010.07.28"]
[Round "1"]
[White "Panov, Dmitry"]
[Black "Campanella, Paul"]
[Result "1/2-1/2"]
[WhiteElo "2008"]
[BlackElo "2000"]
[PlyCount "43"]
[EventDate "2010.??.??"]
[EventType "tourn (rapid)"]
[EventRounds "6"]
[SourceTitle "Corr 2013"]
[Source "ChessBase"]
[SourceDate "2012.11.12"]
[SourceVersion "1"]
[SourceVersionDate "2012.11.12"]
[SourceQuality "1"]

1. e4 c5 2. c3 Nf6 3. e5 Nd5 4. d4 cxd4 5. cxd4 d6 6. Nf3 Nc6 7. Bc4 e6 8. 0-0 Be7 9. Qe2 0-0 10. Qe4 Bd7 11. Bd3 f5 12. exf6 Nxf6 13. Qe2 Nb4 14. Bc4 d5 15. Bb3 Ne4 16. Nc3 Nd6 17. Ba4 Nf5 18. Bf4 Nc6 19. Rad1 Nh4 20. Nxh4 Rxf4 21. Nf3 Bd6 22. Qe3 1/2-1/2